Movies Quiz

Random Movies or Actress Quiz

Movie Grab Bag Slideshow Quiz Stats

 Plays Quiz Updated Apr 11, 2014

Support Sporcle.
Go Orange.
Score 0/25 Timer 08:00
5 Plays Today
% Correct
Ghostbusters
95.5%
Pirates of the Caribbean
94.2%
Charlie Chaplin
93.1%
Jim Carrey
92.8%
Captain Hook (from Peter Pan)
92.6%
The Avengers
92.2%
Jennifer Lawrence
89.7%
Emma Watson
89.6%
Steven Spielberg
87.6%
Scar (from The Lion King)
86.5%
Cruella de Vil (from One Hundred and One Dalmatians)
86.2%
Monty Python and the Holy Grail
80.6%
Quentin Tarantino
77.1%
% Correct
Fiddler on the Roof
75.3%
Colin Firth
74.2%
The Queen (from Snow White)
67.7%
Hades (from Hercules)
64.6%
Little Shop of Horrors
64.1%
Martin Scorsese
61.5%
James Cameron
57.4%
Rent
55.1%
Tim Burton
51.3%
Enchanted
49.7%
West Side Story
48.5%
Life is Beautiful
42.9%

You're not logged in!

Compare scores with friends on all Sporcle quizzes.
OR
Log In

From the Vault

Finish the Disney Song

by LTH

If you're not singing your answers as you're typing, you're missing out.
Remove Ads.
Support Sporcle.
Get the best of Sporcle when you Go Orange. This ad-free experience offers more features, more stats, and more fun while also helping to support Sporcle. Thank you for becoming a member.

Show Comments

Extras

Top Quizzes Today


Score Distribution

Your Account Isn't Verified!

In order to create a playlist on Sporcle, you need to verify the email address you used during registration. Go to your Sporcle Settings to finish the process.

Report this User

Report this user for behavior that violates our Community Guidelines.

Details: